[Event "CAN-op U2000"]
[Site "Windsor CAN"]
[Date "2016.07.10"]
[Round "1.39"]
[White "White, Chris"]
[Black "Gillis, Doug"]
[Result "1/2-1/2"]
[WhiteElo "1788"]
[BlackElo "1610"]
[PlyCount "103"]
[EventDate "2016.07.10"]
[EventType "swiss"]
[EventRounds "9"]
[EventCountry "CAN"]

1. d4 d5 2. c4 Nc6 3. e3 e6 4. Nf3 Nf6 5. Nc3 Be7 6. Bd3 dxc4 7. Bxc4 O-O 8.
O-O Na5 9. Bd3 c5 10. dxc5 Bxc5 11. Ne5 Bd6 12. Nf3 a6 13. e4 Nc6 14. Re1 e5
15. Bg5 Bg4 16. Nd5 Nd4 17. Nxf6+ gxf6 18. Bh6 Re8 19. Be2 Nxe2+ 20. Qxe2 Bf8
21. Rad1 Qb6 22. Bxf8 Rxf8 23. Rd3 Rad8 24. Rb3 Qc6 25. Rc3 Qb6 26. Rb3 Qc6 27.
Rc3 Qb6 28. h3 Be6 29. Nh4 Rd4 30. Rec1 Rfd8 31. Nf5 Bxf5 32. exf5 Qd6 33. Rg3+
Kf8 34. Qh5 Rd1+ 35. Rxd1 Qxd1+ 36. Qxd1 Rxd1+ 37. Kh2 Rd2 38. Rb3 Rxf2 39.
Rxb7 Rxf5 40. Kg3 Rf1 41. Rb3 Ke7 42. Rf3 Rd1 43. b4 Ke6 44. Ra3 Rd6 45. Kf3
Kd7 46. Ke3 Kc7 47. Rc3+ Kb7 48. a3 f5 49. g3 h6 50. h4 Rg6 51. Kf2 Rd6 52. Ke2
1/2-1/2

[Event "CAN-op U2000"]
[Site "Windsor CAN"]
[Date "2016.07.10"]
[Round "1.40"]
[White "Lee, Stefano"]
[Black "Koltai, Daniel"]
[Result "0-1"]
[WhiteElo "1490"]
[BlackElo "1781"]
[PlyCount "98"]
[EventDate "2016.07.10"]
[EventType "swiss"]
[EventRounds "9"]
[EventCountry "CAN"]

1. e4 c5 2. d4 cxd4 3. c3 d3 4. Bxd3 d6 5. Nf3 Nf6 6. O-O g6 7. e5 dxe5 8. Nxe5
Nc6 9. Bb5 Bd7 10. Bxc6 Bxc6 11. Qb3 Qd5 12. Qxd5 Bxd5 13. c4 Be6 14. Nc3 Rc8
15. b3 Bg7 16. Bb2 O-O 17. Nb5 a6 18. Nd4 Bd7 19. Rad1 Rfd8 20. Ba3 Ng4 21.
Ndf3 Nxe5 22. Nxe5 Bxe5 23. Bxe7 Bc7 24. Bxd8 Rxd8 25. Rfe1 Be6 26. Kf1 Rxd1
27. Rxd1 Bxh2 28. g3 Bh3+ 29. Ke2 Bg2 30. f3 Bxg3 31. Rg1 Bxf3+ 32. Kxf3 Bd6
33. Rd1 Bc5 34. Ra1 a5 35. a3 b6 36. Ke4 h5 37. Kd5 Kg7 38. Kc6 h4 39. b4 axb4
40. axb4 Bf2 41. c5 bxc5 42. bxc5 f5 43. Rf1 Bg3 44. Kd7 Kf6 45. c6 g5 46. Re1
h3 47. c7 Bxc7 48. Kxc7 g4 49. Kd6 g3 0-1

[Event "CAN-op U2000"]
[Site "Windsor CAN"]
[Date "2016.07.10"]
[Round "1.41"]
[White "Einarsson, Ken"]
[Black "Li, Jack"]
[Result "1/2-1/2"]
[WhiteElo "1780"]
[BlackElo "1629"]
[PlyCount "95"]
[EventDate "2016.07.10"]
[EventType "swiss"]
[EventRounds "9"]
[EventCountry "CAN"]

1. d4 d5 2. c4 c6 3. Nc3 Nf6 4. e3 e6 5. Nf3 Nbd7 6. Qc2 Be7 7. cxd5 exd5 8.
Bd3 O-O 9. O-O a6 10. h3 b5 11. e4 dxe4 12. Nxe4 Bb7 13. a3 Nxe4 14. Bxe4 Nf6
15. Be3 Nxe4 16. Qxe4 Bf6 17. Qg4 Qc8 18. Qxc8 Raxc8 19. b4 Rfd8 20. Rac1 a5
21. Rfd1 axb4 22. axb4 Be7 23. Bd2 Bf6 24. Bc3 Re8 25. Re1 h6 26. Nd2 Rcd8 27.
Nb3 Kf8 28. Kf1 Rxe1+ 29. Kxe1 Re8+ 30. Kf1 Bc8 31. Re1 Rxe1+ 32. Kxe1 Ke7 33.
Nc5 Bf5 34. f3 Bh4+ 35. Ke2 Kd6 36. g4 Bb1 37. Ne4+ Kd5 38. Nd2 Bh7 39. Ke3 g5
40. Ne4 Bxe4 41. fxe4+ Kc4 42. Kd2 Bf2 43. d5 cxd5 44. exd5 Kxd5 45. Bg7 Kc4
46. Bxh6 f6 47. Bf8 Bd4 48. Be7 1/2-1/2

[Event "CAN-op U2000"]
[Site "Windsor CAN"]
[Date "2016.07.11"]
[Round "2.35"]
[White "Deimert, Elroy"]
[Black "White, Chris"]
[Result "0-1"]
[WhiteElo "1612"]
[BlackElo "1788"]
[PlyCount "74"]
[EventDate "2016.07.10"]
[EventType "swiss"]
[EventRounds "9"]
[EventCountry "CAN"]

1. e4 e6 2. d4 d5 3. exd5 exd5 4. Nf3 Bd6 5. Nc3 Ne7 6. Bd3 c6 7. h3 Bf5 8. Bg5
Bxd3 9. Qxd3 Qc7 10. O-O-O f6 11. Bd2 Nd7 12. Rde1 O-O-O 13. Re3 Ng6 14. Rhe1
Nb6 15. Qf5+ Qd7 16. Qxd7+ Kxd7 17. g3 Nc4 18. R3e2 Ne7 19. Bf4 Bxf4+ 20. gxf4
Rhe8 21. b3 Nd6 22. a4 Ng6 23. Rxe8 Rxe8 24. Rxe8 Kxe8 25. Ne2 Ne4 26. h4 Nxf2
27. h5 Ne7 28. Ng3 Ne4 29. Nxe4 dxe4 30. Nh4 f5 31. c4 g6 32. hxg6 hxg6 33. Kd2
Kd7 34. b4 b5 35. axb5 cxb5 36. Kc3 e3 37. Ng2 e2 0-1

[Event "CAN-op U2000"]
[Site "Windsor CAN"]
[Date "2016.07.11"]
[Round "2.36"]
[White "Gillis, Doug"]
[Black "Einarsson, Ken"]
[Result "1/2-1/2"]
[WhiteElo "1610"]
[BlackElo "1780"]
[PlyCount "70"]
[EventDate "2016.07.10"]
[EventType "swiss"]
[EventRounds "9"]
[EventCountry "CAN"]

1. d4 d5 2. Nc3 Nf6 3. Bg5 e6 4. e4 dxe4 5. Nxe4 Be7 6. Bxf6 Bxf6 7. Nf3 O-O 8.
c3 Nc6 9. Bb5 Bd7 10. Nxf6+ Qxf6 11. O-O a6 12. Ne5 Qe7 13. Bxc6 Bxc6 14. Nxc6
bxc6 15. Qf3 Qd6 16. Qe3 Rfe8 17. Qe5 Qxe5 18. dxe5 Red8 19. Rfd1 Rab8 20. b3
Kf8 21. Kf1 Ke7 22. Ke2 Rd5 23. Rxd5 cxd5 24. Kd3 c5 25. Re1 f6 26. exf6+ Kxf6
27. Re3 Rb7 28. Rh3 h6 29. Rh4 Ke5 30. Ra4 Rb6 31. Ke3 Kd6 32. Rg4 Rb7 33. h4
Rf7 34. Ra4 Ra7 35. Rg4 Rf7 1/2-1/2

[Event "CAN-op U2000"]
[Site "Windsor CAN"]
[Date "2016.07.11"]
[Round "2.37"]
[White "Li, Jack"]
[Black "Thanabalachandran, Kajan"]
[Result "0-1"]
[WhiteElo "1629"]
[BlackElo "1846"]
[PlyCount "134"]
[EventDate "2016.07.10"]
[EventType "swiss"]
[EventRounds "9"]
[EventCountry "CAN"]

1. e4 c5 2. c3 Nf6 3. e5 Nd5 4. d4 cxd4 5. cxd4 d6 6. Nf3 Nc6 7. Be2 g6 8. Nc3
Nxc3 9. bxc3 dxe5 10. Nxe5 Nxe5 11. dxe5 Qxd1+ 12. Bxd1 Bd7 13. Bf3 Rb8 14. Bf4
e6 15. O-O b6 16. Rfd1 Rc8 17. Rac1 Ba3 18. Rb1 Rxc3 19. Rd4 Bc5 20. Rd2 Ba4
21. Bh6 Rc2 22. Bc6+ Bxc6 23. Rxc2 Kd7 24. Rd2+ Kc7 25. h3 a5 26. Kf1 Kb7 27.
Be3 Bxe3 28. fxe3 Rc8 29. Kf2 Bd5 30. Kg3 h6 31. Rf1 Rc7 32. Rf6 b5 33. Rdf2
Kb6 34. e4 Bc4 35. Rd2 Kc5 36. Kf3 b4 37. Kf2 a4 38. Ke3 b3 39. axb3 axb3 40.
Rb2 Rd7 41. Rd2 Ra7 42. Rb2 Kb4 43. Kd2 Ra2 44. Kc1 Ra1+ 45. Rb1 Ra2 46. Rb2
Ra1+ 47. Rb1 Ra5 48. Rxf7 Rxe5 49. Rb7+ Kc3 50. Rf7 Rxe4 51. Rf3+ Kb4 52. Rf2
Bd3 53. Kb2 Bxb1 54. Kxb1 Re3 55. Rf6 Kc3 56. Rf1 e5 57. Rc1+ Kd2 58. Rc6 Rg3
59. Re6 Kc3 60. Rxe5 Rxg2 61. Rc5+ Kd4 62. Rc8 Rg3 63. Rd8+ Ke3 64. Rb8 Kf2 65.
Rf8+ Kg2 66. Rf6 Kxh3 67. Rf2 Rg1+ 0-1

[Event "CAN-op U2000"]
[Site "Windsor CAN"]
[Date "2016.07.11"]
[Round "2.38"]
[White "Faraji, Jafar"]
[Black "Clarke, Brian"]
[Result "1-0"]
[WhiteElo "1827"]
[BlackElo "1695"]
[PlyCount "83"]
[EventDate "2016.07.10"]
[EventType "swiss"]
[EventRounds "9"]
[EventCountry "CAN"]

1. d4 Nf6 2. Nf3 d6 3. c4 c6 4. Nc3 Bg4 5. e4 Qa5 6. Qd3 Nbd7 7. Bd2 e5 8. d5
Be7 9. b4 Qd8 10. a3 a5 11. Rb1 axb4 12. axb4 h6 13. Be2 Nh7 14. h3 Bh5 15. g4
Bg6 16. h4 h5 17. g5 c5 18. b5 Ra7 19. Bf1 Nb6 20. Bh3 Qa8 21. O-O Na4 22. b6
Nxc3 23. Bxc3 Ra6 24. Bxe5 Ra3 25. Bc3 O-O 26. Nd2 Qa4 27. f4 f5 28. exf5 Be8
29. Rfe1 Bd8 30. f6 Nxf6 31. gxf6 Rxf6 32. Be6+ Kf8 33. Ra1 Rg6+ 34. Kh2 Rxc3
35. Qxc3 Bf6 36. Rxa4 Bxc3 37. Ra2 Bd4 38. Ra8 Ke7 39. Bf5+ Kf6 40. Bxg6 Bxg6
41. Rf8+ Bf7 42. Re6+ 1-0

[Event "CAN-op U2000"]
[Site "Windsor CAN"]
[Date "2016.07.11"]
[Round "2.39"]
[White "Coleman, John"]
[Black "Deimert, David"]
[Result "1-0"]
[WhiteElo "1772"]
[BlackElo "1650"]
[PlyCount "89"]
[EventDate "2016.07.10"]
[EventType "swiss"]
[EventRounds "9"]
[EventCountry "CAN"]

1. d4 Nf6 2. c4 c5 3. Nf3 cxd4 4. Nxd4 Nc6 5. Nxc6 bxc6 6. Nc3 d5 7. cxd5 cxd5
8. e3 g6 9. Bb5+ Bd7 10. O-O Bg7 11. Qa4 e6 12. Rd1 a6 13. Bxd7+ Qxd7 14. Qxd7+
Nxd7 15. Rb1 O-O 16. Ne2 Rfc8 17. Nd4 Rc7 18. b3 Rac8 19. Bb2 Ne5 20. Kf1 h5
21. Ke2 Nc6 22. Nxc6 Rxc6 23. Bxg7 Kxg7 24. Rd2 Kf6 25. b4 Rc2 26. a4 e5 27.
Rb2 Rxb2 28. Rxb2 Rb8 29. Kd3 Ke6 30. Kc3 Rc8+ 31. Kb3 d4 32. Rc2 Rxc2 33. Kxc2
dxe3 34. fxe3 Kd5 35. Kd3 f5 36. g3 g5 37. e4+ fxe4+ 38. Ke3 g4 39. b5 axb5 40.
axb5 Kc5 41. Kxe4 Kxb5 42. Kxe5 Kc6 43. Kf5 h4 44. gxh4 Kd7 45. Kf6 1-0

[Event "CAN-op U2000"]
[Site "Windsor CAN"]
[Date "2016.07.11"]
[Round "2.40"]
[White "Zhou, Lily"]
[Black "Faust, Steven"]
[Result "1/2-1/2"]
[WhiteElo "1768"]
[BlackElo "1613"]
[PlyCount "64"]
[EventDate "2016.07.10"]
[EventType "swiss"]
[EventRounds "9"]
[EventCountry "CAN"]

1. d4 Nf6 2. Nf3 e6 3. e3 b6 4. Bd3 Bb7 5. Nbd2 d5 6. b3 Ba6 7. Bb2 Bxd3 8.
cxd3 c5 9. O-O cxd4 10. Bxd4 Be7 11. Rc1 O-O 12. Be5 Bd6 13. Qe2 Bxe5 14. Nxe5
Nfd7 15. Ndf3 Nxe5 16. Nxe5 f6 17. Nc6 Nxc6 18. Rxc6 Qd7 19. Rfc1 Rac8 20. Qc2
Rxc6 21. Qxc6 Rd8 22. d4 Kf7 23. Qc7 Ke7 24. Qg3 Kf8 25. Rc7 Rc8 26. Rxc8+ Qxc8
27. h3 Qd7 28. Qb8+ Kf7 29. Qh8 h6 30. Qb8 Ke7 31. Qg8 Kd6 32. Qf8+ Qe7 1/2-1/2

[Event "CAN-op U2000"]
[Site "Windsor CAN"]
[Date "2016.07.11"]
[Round "2.41"]
[White "Cui, Cynthia"]
[Black "Lee, Stefano"]
[Result "0-1"]
[WhiteElo "1700"]
[BlackElo "1490"]
[PlyCount "162"]
[EventDate "2016.07.10"]
[EventType "swiss"]
[EventRounds "9"]
[EventCountry "CAN"]

1. c4 c6 2. g3 Nf6 3. Bg2 e6 4. Nf3 d5 5. Qc2 Nbd7 6. O-O Bd6 7. d3 Qc7 8. Nc3
b6 9. a3 h6 10. b4 g5 11. Re1 g4 12. Nd4 h5 13. Bg5 Bb7 14. Bh4 Be7 15. e4 dxe4
16. dxe4 Ne5 17. Qe2 O-O-O 18. Red1 Nh7 19. Bxe7 Qxe7 20. Nb3 h4 21. c5 hxg3
22. fxg3 Ng5 23. Rxd8+ Rxd8 24. cxb6 axb6 25. Na4 Kc7 26. Qe3 Nc4 27. Qf4+ e5
28. Qxg4 Rd3 29. Qe2 Qd8 30. Nb2 Nxb2 31. Qxb2 Ba6 32. Qxe5+ Kb7 33. Qb2 Bc4
34. Bf1 Rxb3 35. Qc2 Qd4+ 36. Kh1 Qxa1 37. Qxc4 Rf3 38. Kg1 Nxe4 39. Qa6+ Kc7
40. Qa7+ Kd6 41. Qb8+ Ke7 42. Qc7+ Kf6 43. Qxc6+ Ke5 44. Qe8+ Kd4 45. Qd7+ Kc3
46. Qc7+ Kd2 47. Qd7+ Ke1 48. Bb5 Qb2 49. Qd5 Qf2+ 50. Kh1 Nd2 51. Qe5+ Kd1 52.
Qa1+ Kc2 53. Qa2+ Kc1 54. Qa1+ Nb1 55. Qe5 Re3 56. Qc7+ Nc3 57. Qf4 Qxf4 58.
gxf4 Nxb5 59. a4 Nd4 60. Kg2 Rb3 61. a5 bxa5 62. bxa5 Ra3 63. h4 Rxa5 64. Kg3
Nf5+ 65. Kg4 Kd2 66. h5 Ke3 67. Kg5 Ng3+ 68. Kf6 Nxh5+ 69. Kxf7 Nxf4 70. Kf6
Nh5+ 71. Ke6 Kd4 72. Kd6 Ra6+ 73. Ke7 Ke5 74. Kd7 Rh6 75. Kc7 Kd5 76. Kb7 Kc5
77. Kc8 Rh7 78. Kd8 Kd6 79. Ke8 Ra7 80. Kf8 Ke6 81. Kg8 Kf6 0-1

[Event "CAN-op U2000"]
[Site "Windsor CAN"]
[Date "2016.07.11"]
[Round "2.42"]
[White "Li, Eric M"]
[Black "Selling, Edward"]
[Result "1/2-1/2"]
[WhiteElo "1658"]
[BlackElo "1708"]
[PlyCount "120"]
[EventDate "2016.07.10"]
[EventType "swiss"]
[EventRounds "9"]
[EventCountry "CAN"]

1. e4 a6 2. d4 b5 3. Nf3 Bb7 4. Bd3 Nf6 5. Qe2 e6 6. Bg5 Be7 7. O-O d6 8. Nbd2
Nbd7 9. c3 h6 10. Bh4 g5 11. Bg3 g4 12. Ne1 h5 13. f4 h4 14. Bf2 g3 15. hxg3
hxg3 16. Bxg3 Nh5 17. Qf3 Bh4 18. Bxh4 Qxh4 19. Qh3 Qxh3 20. gxh3 Rg8+ 21. Kh2
O-O-O 22. f5 Rg7 23. fxe6 fxe6 24. Rf2 Rdg8 25. Be2 Rh8 26. Bg4 Nhf6 27. Bxe6
Nxe4 28. Nxe4 Bxe4 29. Nf3 Kd8 30. Rg1 Rxg1 31. Nxg1 Ke7 32. Bg4 Nf6 33. Bf3
Bf5 34. Rg2 Kf7 35. Rg3 Be6 36. a3 a5 37. Rg5 Bd7 38. Bg2 Re8 39. h4 Rh8 40.
Kg3 Nh5+ 41. Kf2 c6 42. Bh3 Bxh3 43. Nxh3 Nf6 44. Kg2 Rxh4 45. a4 Rg4+ 46. Rxg4
Nxg4 47. axb5 cxb5 48. Kf3 Nf6 49. Nf4 a4 50. Ke3 d5 51. Kd3 Ke7 52. Ng6+ Kd6
53. Ne5 Ne8 54. Kc2 Nc7 55. b3 axb3+ 56. Kxb3 Na6 57. Nd3 Kc6 58. Kc2 Kd6 59.
Kd2 Kc6 60. Nb4+ Nxb4 1/2-1/2

[Event "CAN-op U2000"]
[Site "Windsor CAN"]
[Date "2016.07.12"]
[Round "3.28"]
[White "Deline, Ralph"]
[Black "James, Rowan"]
[Result "0-1"]
[WhiteElo "1824"]
[BlackElo "1766"]
[PlyCount "94"]
[EventDate "2016.07.10"]
[EventType "swiss"]
[EventRounds "9"]
[EventCountry "CAN"]

1. e4 e5 2. Nf3 Nc6 3. Bc4 Nf6 4. d3 Be7 5. c3 O-O 6. O-O d5 7. exd5 Nxd5 8.
Re1 Bf6 9. Nbd2 a6 10. Ne4 Nb6 11. Bb3 Bf5 12. Qe2 Qe7 13. Be3 Nd7 14. Rad1
Rad8 15. a3 Bxe4 16. dxe4 Nc5 17. Bc2 Rfe8 18. b4 Ne6 19. g3 Ng5 20. Nxg5 Bxg5
21. Bb3 Bxe3 22. Qxe3 b6 23. Kg2 a5 24. Bd5 Qf6 25. b5 Ne7 26. c4 Nxd5 27. cxd5
Qd6 28. Rc1 f5 29. Rc6 Qd7 30. f3 fxe4 31. fxe4 Rf8 32. Rec1 Rf6 33. Rxc7 Qxb5
34. Rc8 Rdf8 35. Rxf8+ Rxf8 36. Re1 Rc8 37. Rf1 Qb2+ 38. Rf2 Rc2 39. h4 b5 40.
Rxc2 Qxc2+ 41. Kh3 Qd1 42. Kg2 h5 43. Kf2 b4 44. axb4 axb4 45. Qe2 Qd4+ 46. Qe3
b3 47. d6 Kf7 0-1

[Event "CAN-op U2000"]
[Site "Windsor CAN"]
[Date "2016.07.12"]
[Round "3.35"]
[White "Humphreys, Stephen"]
[Black "Piccinin, Mario"]
[Result "1/2-1/2"]
[WhiteElo "1647"]
[BlackElo "1694"]
[PlyCount "59"]
[EventDate "2016.07.10"]
[EventType "swiss"]
[EventRounds "9"]
[EventCountry "CAN"]

1. d4 f5 2. g3 e6 3. Bg2 Nf6 4. Nf3 Be7 5. O-O O-O 6. c4 d6 7. Nc3 Qe8 8. Re1
Qg6 9. Qd3 Nc6 10. a3 e5 11. dxe5 Nxe5 12. Nxe5 dxe5 13. e4 f4 14. Nd5 Bd6 15.
b4 fxg3 16. Qxg3 Qxg3 17. fxg3 b6 18. Bd2 Ba6 19. Rac1 c5 20. b5 Bb7 21. a4 Nd7
22. Bh3 Rad8 23. Be6+ Kh8 24. Bxd7 Rxd7 25. Rf1 Rdf7 26. Rxf7 Rxf7 27. Rf1 Kg8
28. Rxf7 Kxf7 29. a5 bxa5 30. Bxa5 1/2-1/2

[Event "CAN-op U2000"]
[Site "Windsor CAN"]
[Date "2016.07.12"]
[Round "3.36"]
[White "Lee, Stefano"]
[Black "Glew, Richard"]
[Result "1/2-1/2"]
[WhiteElo "1490"]
[BlackElo "1722"]
[PlyCount "68"]
[EventDate "2016.07.10"]
[EventType "swiss"]
[EventRounds "9"]
[EventCountry "CAN"]

1. e4 c5 2. d4 cxd4 3. c3 dxc3 4. Nxc3 e6 5. Nf3 Bc5 6. Bc4 Ne7 7. O-O O-O 8.
Be3 Bxe3 9. fxe3 Qc7 10. Bd3 Nbc6 11. Ng5 h6 12. Nxf7 Ne5 13. Nxe5 Qxe5 14.
Rxf8+ Kxf8 15. Qf3+ Qf6 16. Qg3 Qg5 17. Rf1+ Kg8 18. Qf3 Ng6 19. Qf7+ Kh7 20.
Rf3 Ne5 21. Qf8 Nxf3+ 22. Qxf3 e5 23. Bc4 Qf6 24. Qg3 d6 25. Nd5 Qf8 26. Nc7
Rb8 27. h4 Bd7 28. h5 Rc8 29. Qg6+ Kh8 30. Ne6 Bxe6 31. Bxe6 Rc1+ 32. Kh2 Rf1
33. Bf5 Rxf5 34. exf5 Qf6 1/2-1/2

[Event "CAN-op U2000"]
[Site "Windsor CAN"]
[Date "2016.07.12"]
[Round "3.37"]
[White "Koltai, Daniel"]
[Black "Zhou, Annika"]
[Result "1-0"]
[WhiteElo "1781"]
[BlackElo "1533"]
[PlyCount "77"]
[EventDate "2016.07.10"]
[EventType "swiss"]
[EventRounds "9"]
[EventCountry "CAN"]

1. e4 c5 2. Nf3 e6 3. g3 d5 4. exd5 exd5 5. d4 Nf6 6. Bg2 Be7 7. O-O O-O 8. Nc3
Nc6 9. Bg5 Bf5 10. dxc5 Nb4 11. Nd4 Be4 12. Nxe4 Nxe4 13. Bxe7 Qxe7 14. c3 Nc6
15. Bxe4 Qxe4 16. Re1 Qg6 17. Qb3 Nxd4 18. cxd4 Qc6 19. Re7 Rab8 20. Rae1 h6
21. R1e5 Rfd8 22. Qa3 Qb5 23. Qf3 Rf8 24. b3 Qa6 25. a4 b5 26. Rf5 f6 27. Qxd5+
Kh8 28. Qd7 Rg8 29. c6 bxa4 30. Rxf6 Qd3 31. Rxh6+ gxh6 32. Qd6 Qg6 33. Qe5+
Rg7 34. Qxb8+ Rg8 35. Qe5+ Rg7 36. Qxg7+ Qxg7 37. Rxg7 Kxg7 38. c7 axb3 39.
c8=Q 1-0

[Event "CAN-op U2000"]
[Site "Windsor CAN"]
[Date "2016.07.12"]
[Round "3.38"]
[White "Faust, Steven"]
[Black "Manion, Tom"]
[Result "1/2-1/2"]
[WhiteElo "1613"]
[BlackElo "1710"]
[PlyCount "147"]
[EventDate "2016.07.10"]
[EventType "swiss"]
[EventRounds "9"]
[EventCountry "CAN"]

1. Nf3 f5 2. g3 g6 3. Bg2 Bg7 4. d4 d6 5. O-O Nh6 6. Bxh6 Bxh6 7. c4 O-O 8. e3
Nd7 9. Nc3 Nf6 10. Qb3 Rb8 11. c5+ d5 12. c6 b6 13. Ne5 e6 14. Rac1 Ng4 15.
Rfe1 Nxe5 16. dxe5 a5 17. Nb5 Qe7 18. a3 Ba6 19. Nd4 Kh8 20. f4 g5 21. Bf1 Bxf1
22. Rxf1 gxf4 23. exf4 Rg8 24. Kh1 Qf7 25. Qf3 Bf8 26. Rc2 Bc5 27. Nb3 Be7 28.
Nd4 Rbf8 29. Qe2 Rg4 30. Rc3 Rfg8 31. Qg2 h5 32. h3 R4g7 33. Rff3 Rh7 34. Qf1
Rh6 35. Kh2 Bc5 36. Nb3 Be7 37. Nd4 Qe8 38. Rfd3 Bc5 39. Nb3 Qxc6 40. Nxa5 Qb5
41. Nb3 Rh7 42. Rd1 Qxf1 43. Rxf1 Bf8 44. Nd4 c5 45. Nxe6 h4 46. Nxf8 Rxf8 47.
g4 c4 48. b3 b5 49. bxc4 bxc4 50. g5 Rb7 51. Rfc1 Rb2+ 52. R1c2 Rfb8 53. a4
R8b4 54. Rxb2 Rxb2+ 55. Kg1 Ra2 56. Rc1 Rxa4 57. Rd1 Ra5 58. e6 Kg7 59. Kf2 Kf8
60. g6 Ke7 61. g7 Ra2+ 62. Kf1 Ra8 63. Rxd5 Kxe6 64. Rc5 Kf6 65. Rc7 Rg8 66.
Ke2 Ke6 67. Ke3 Kd5 68. Rd7+ Kc6 69. Re7 Kd6 70. Ra7 Kd5 71. Rd7+ Kc5 72. Rc7+
Kd5 73. Rd7+ Kc5 74. Rc7+ 1/2-1/2

[Event "CAN-op U2000"]
[Site "Windsor CAN"]
[Date "2016.07.12"]
[Round "3.39"]
[White "Zhou, Lily"]
[Black "Deimert, Elroy"]
[Result "1-0"]
[WhiteElo "1768"]
[BlackElo "1612"]
[PlyCount "87"]
[EventDate "2016.07.10"]
[EventType "swiss"]
[EventRounds "9"]
[EventCountry "CAN"]

1. d4 d5 2. c4 e5 3. dxe5 d4 4. Nf3 Nc6 5. a3 Bg4 6. Nbd2 Qd7 7. b4 f6 8. exf6
Nxf6 9. g3 h6 10. Bg2 Bh3 11. O-O Bxg2 12. Kxg2 Be7 13. Nb3 O-O-O 14. b5 Nb8
15. Qxd4 Qe6 16. Qe5 Qxc4 17. Na5 Qf7 18. Qf5+ Nbd7 19. Nc6 bxc6 20. bxc6 Qd5
21. Qxd5 Nxd5 22. cxd7+ Rxd7 23. Ne5 Bf6 24. Nxd7 Bxa1 25. Nc5 Bf6 26. Nd3 Re8
27. e3 Nb6 28. Bb2 Bxb2 29. Nxb2 Re5 30. Rc1 Rb5 31. Nc4 Kb7 32. Nxb6 axb6 33.
Rc4 c5 34. Rg4 Ka6 35. Rxg7 c4 36. Rc7 Rc5 37. Rxc5 bxc5 38. Kf1 Kb5 39. Ke2
Ka4 40. Kd2 Kb3 41. Kc1 c3 42. f4 Kc4 43. e4 Kd4 44. e5 1-0

[Event "CAN-op U2000"]
[Site "Windsor CAN"]
[Date "2016.07.12"]
[Round "3.41"]
[White "Clarke, Brian"]
[Black "Li, Eric M"]
[Result "0-1"]
[WhiteElo "1695"]
[BlackElo "1658"]
[PlyCount "60"]
[EventDate "2016.07.10"]
[EventType "swiss"]
[EventRounds "9"]
[EventCountry "CAN"]

1. d4 Nf6 2. Nf3 g6 3. Bf4 Bg7 4. Nc3 d5 5. e3 O-O 6. Be2 c5 7. Nb5 Na6 8. O-O
Bd7 9. c3 Qb6 10. dxc5 Qxc5 11. Nbd4 Nc7 12. h3 Nb5 13. Rc1 Rac8 14. Nb3 Qb6
15. a4 Nd6 16. a5 Qc7 17. Be5 Bc6 18. Nfd4 Nd7 19. Bf4 Ba4 20. Nb5 Bxb5 21.
Bxb5 e5 22. Bh2 Nxb5 23. Qxd5 Qc6 24. Qd3 Nc5 25. Nxc5 Qxc5 26. b4 Qc4 27. Qd7
Qc6 28. Qd3 Rfd8 29. Qe2 Nxc3 30. Qg4 h5 0-1

[Event "CAN-op U2000"]
[Site "Windsor CAN"]
[Date "2016.07.12"]
[Round "3.42"]
[White "Deimert, David"]
[Black "Cui, Cynthia"]
[Result "1/2-1/2"]
[WhiteElo "1650"]
[BlackElo "1700"]
[PlyCount "137"]
[EventDate "2016.07.10"]
[EventType "swiss"]
[EventRounds "9"]
[EventCountry "CAN"]

1. e4 d5 2. exd5 Qxd5 3. Nc3 Qd6 4. Nf3 Nf6 5. d4 Bg4 6. Be2 c6 7. O-O Nbd7 8.
h3 Bh5 9. Be3 e6 10. Qd2 Qc7 11. Bf4 Bd6 12. Bxd6 Qxd6 13. Qe3 O-O 14. a3 Rfe8
15. Ne4 Nxe4 16. Qxe4 Bg6 17. Qg4 Bxc2 18. h4 Bf5 19. Qg5 h6 20. Qd2 Rad8 21.
Qa5 Qb8 22. Rfe1 Nf6 23. Rad1 Rd5 24. Qb4 Red8 25. Bc4 R5d6 26. Bb3 Bg4 27. Re5
Qc7 28. Re3 Nd5 29. Bxd5 Rxd5 30. Rd2 Bxf3 31. gxf3 c5 32. Qc3 Rxd4 33. Red3
Qd6 34. Rxd4 cxd4 35. Qa5 Qb6 36. Qe5 d3 37. Kg2 Qd4 38. Qc7 Rd7 39. Qb8+ Kh7
40. Kh3 Qd6 41. Qxa7 Qf4 42. Qe3 Qxe3 43. fxe3 Kg6 44. a4 Kf5 45. Kg3 Ke5 46.
a5 g5 47. b4 f5 48. hxg5 hxg5 49. b5 f4+ 50. Kf2 fxe3+ 51. Kxe3 Rd5 52. a6 Rxb5
53. axb7 Rxb7 54. Rxd3 Kf5 55. Rd4 Rb3+ 56. Kf2 e5 57. Rc4 Rd3 58. Kg3 Rd4 59.
Rc5 g4 60. fxg4+ Rxg4+ 61. Kf3 Rf4+ 62. Ke3 Ke6 63. Ra5 Kf5 64. Rb5 Re4+ 65.
Kf3 Rd4 66. Rb3 Rf4+ 67. Ke3 Kg4 68. Rb5 e4 69. Re5 1/2-1/2

[Event "CAN-op U2000"]
[Site "Windsor CAN"]
[Date "2016.07.13"]
[Round "4.35"]
[White "Li, Eric M"]
[Black "Mathews, Jeremy"]
[Result "1-0"]
[WhiteElo "1658"]
[BlackElo "1743"]
[PlyCount "87"]
[EventDate "2016.07.10"]
[EventType "swiss"]
[EventRounds "9"]
[EventCountry "CAN"]

1. d4 Nf6 2. Bf4 e6 3. Nf3 Nc6 4. e3 b6 5. Bd3 Bb7 6. a3 Be7 7. c4 d5 8. Nc3
O-O 9. cxd5 Nxd5 10. Nxd5 Qxd5 11. O-O f5 12. Bxc7 g5 13. Rc1 g4 14. Ne1 Qd7
15. Bf4 Bd6 16. Bxd6 Qxd6 17. f4 Rad8 18. Bc4 Ne7 19. Qd2 Ng6 20. Rf2 h5 21.
Qb4 Qc6 22. Rfc2 Qe4 23. Qb3 Rd6 24. Qd3 Rfd8 25. Qxe4 Bxe4 26. Bd3 Ne7 27.
Bxe4 fxe4 28. g3 Nf5 29. Ng2 Kf7 30. Rc7+ R6d7 31. Kf2 Ke7 32. R7c3 Nd6 33. Ke2
Nb5 34. R3c2 Nd6 35. Ne1 Nf5 36. Ng2 Kd6 37. Rc6+ Ke7 38. Nh4 Nxh4 39. gxh4 Rg8
40. Kf2 Kf6 41. Rd1 Rdg7 42. d5 Re7 43. Ke2 Kf7 44. dxe6+ 1-0

[Event "CAN-op U2000"]
[Site "Windsor CAN"]
[Date "2016.07.13"]
[Round "4.36"]
[White "Manion, Tom"]
[Black "Selling, Edward"]
[Result "1-0"]
[WhiteElo "1710"]
[BlackElo "1708"]
[PlyCount "109"]
[EventDate "2016.07.10"]
[EventType "swiss"]
[EventRounds "9"]
[EventCountry "CAN"]

1. e4 c5 2. Nf3 Nc6 3. d4 cxd4 4. Nxd4 Qc7 5. Nc3 e6 6. Ndb5 Qb8 7. Be2 a6 8.
Nd4 Nf6 9. O-O Qc7 10. Bf3 Ne5 11. Be2 Nc6 12. Nxc6 bxc6 13. Bf3 Bd6 14. h3 Bb7
15. Be3 O-O 16. Qd2 Be5 17. Bd4 d5 18. Rfe1 Bxd4 19. Qxd4 e5 20. Qd2 d4 21. Ne2
c5 22. Ng3 Rab8 23. Qg5 Bc8 24. b3 Rb6 25. Be2 h6 26. Qd2 Be6 27. Rf1 g5 28. f3
Kg7 29. Bd3 Rg8 30. Qe2 Qd6 31. Bc4 Kf8 32. Bxe6 fxe6 33. Qd2 Ke7 34. Ne2 Nh5
35. g4 Nf4 36. Nxf4 exf4 37. Qd3 Rd8 38. Kf2 e5 39. Rad1 Qc6 40. a3 Qb5 41. Ke2
Rc8 42. Rb1 Qa5 43. Qc4 Qb5 44. Kd3 Kd6 45. Rh1 Rg8 46. Rbg1 Rbb8 47. h4 Rg6
48. hxg5 hxg5 49. Rh7 Rbg8 50. Rgh1 R8g7 51. Rh8 Kc7 52. R1h6 Kd7 53. a4 Qc6
54. Rxg6 Qxg6 55. Qd5+ 1-0

[Event "CAN-op U2000"]
[Site "Windsor CAN"]
[Date "2016.07.13"]
[Round "4.37"]
[White "Zhou, Annika"]
[Black "Einarsson, Ken"]
[Result "0-1"]
[WhiteElo "1533"]
[BlackElo "1780"]
[PlyCount "58"]
[EventDate "2016.07.10"]
[EventType "swiss"]
[EventRounds "9"]
[EventCountry "CAN"]

1. e4 c6 2. d4 d5 3. exd5 cxd5 4. Nf3 Nf6 5. Be2 h6 6. O-O Bf5 7. Nbd2 e6 8.
Ne5 Qc7 9. c3 Bd6 10. Ndf3 O-O 11. Re1 Nbd7 12. Bd3 Ne4 13. Nxd7 Qxd7 14. c4
Bc7 15. c5 Ba5 16. Re3 b6 17. Ne5 Qc7 18. f3 Nf6 19. Bxf5 exf5 20. c6 b5 21.
Qd3 f4 22. Re2 g5 23. Qxb5 Bb6 24. Qd3 Rfe8 25. h4 Rxe5 26. Rxe5 Qxe5 27. Kh1
Bxd4 28. Rb1 Qe1+ 29. Kh2 Qxh4# 0-1